[Event "New York Marshall CC-B 05"]
[Site "New York"]
[Date "2025.05.21"]
[Round "3"]
[White "Dedona, Mark"]
[Black "Mullodzhanov, Nathaniel"]
[Result "0-1"]
[WhiteElo "1960"]
[BlackElo "2096"]
[PlyCount "60"]
[EventDate "2025.05.21"]
[EventType "swiss"]
[EventRounds "4"]
[EventCountry "USA"]
[SourceTitle "CB22_2025"]
[SourceDate "2025.05.28"]
[SourceVersion "1"]
[SourceVersionDate "2025.05.28"]
[SourceQuality "1"]

1. e4 c5 2. b3 d6 3. Bb2 e5 4. Bb5+ Nc6 5. Bxc6+ bxc6 6. d3 Qg5 7. Qf3 Nf6 8. h4 Qg6 9. Nc3 h5 10. Nge2 Be7 11. 0-0-0 0-0 12. Qe3 Ng4 13. Qg3 f5 14. exf5 Rxf5 15. f3 Qh6+ 16. Kb1 Ne3 17. Bc1 Rf6 18. Rde1 Nf5 19. Qh2 Qg6 20. Ne4 Rf8 21. f4 Nd4 22. fxe5 Nxe2 23. Rxe2 d5 24. Ng5 Bg4 25. Ree1 c4 26. dxc4 Rf2 27. Ne4 dxe4 28. Be3 Rf5 29. Rhf1 Raf8 30. Rxf5 Qxf5 0-1

[Event "New York Marshall CC-B 05"]
[Site "New York"]
[Date "2025.05.21"]
[Round "4"]
[White "Mullodzhanov, Nathaniel"]
[Black "Prestia, Paris"]
[Result "1-0"]
[WhiteElo "2096"]
[BlackElo "2054"]
[PlyCount "107"]
[EventDate "2025.05.21"]
[EventType "swiss"]
[EventRounds "4"]
[EventCountry "USA"]
[SourceTitle "CB22_2025"]
[SourceDate "2025.05.28"]
[SourceVersion "1"]
[SourceVersionDate "2025.05.28"]
[SourceQuality "1"]

1. e4 c5 2. Nf3 d6 3. d4 cxd4 4. Nxd4 Nf6 5. Nc3 Nc6 6. Be2 g6 7. Be3 Bg7 8. 0-0 0-0 9. f4 Qb6 10. Na4 Qa5 11. Nc3 Qb6 12. Na4 Qb4 13. c3 Qa5 14. Nxc6 bxc6 15. Qc2 Rb8 16. b3 d5 17. e5 Bf5 18. Qd1 Nd7 19. b4 Qc7 20. Bd3 Bxd3 21. Qxd3 Rfd8 22. a3 a5 23. h4 e6 24. h5 Bf8 25. hxg6 hxg6 26. Rab1 axb4 27. axb4 c5 28. Rfc1 Ra8 29. Ra1 Rdb8 30. Nxc5 Nxc5 31. bxc5 Bxc5 32. Bd4 Bf8 33. Rxa8 Rxa8 34. c4 Ra3 35. Qf1 Qc6 36. Kh2 Ra4 37. cxd5 Qxd5 38. Be3 Qe4 39. Rc3 Kg7 40. Qe2 Bb4 41. Rc4 Qa8 42. f5 Ra2 43. f6+ Kg8 44. Qg4 Bf8 45. Qg3 Qd5 46. Rh4 Re2 47. Bf4 Bg7 48. fxg7 Kxg7 49. Qg5 Kg8 50. Qg4 Qe4 51. Qh3 Kf8 52. Rh8+ Ke7 53. Qa3+ Kd7 54. Qd6# 1-0

[Event "Titled Tuesday intern op 04th Feb Late"]
[Site "Chess.com INT"]
[Date "2025.02.04"]
[Round "1"]
[White "Arvizu Borchardt, David Ivan"]
[Black "Mullodzhanov, Nathaniel"]
[Result "0-1"]
[WhiteElo "2012"]
[BlackElo "1927"]
[PlyCount "40"]
[EventDate "2025.02.04"]
[EventType "swiss (blitz)"]
[EventRounds "11"]
[EventCountry "USA"]
[SourceTitle "CB07_2025"]
[SourceDate "2025.02.12"]
[SourceVersion "1"]
[SourceVersionDate "2025.02.12"]
[SourceQuality "1"]

1. e4 c5 2. Nf3 d6 3. d4 cxd4 4. Nxd4 Nf6 5. Nc3 a6 6. Bg5 e6 7. f4 Be7 8. Qf3 Qc7 9. 0-0-0 Nbd7 10. g4 b5 11. Bxf6 Bxf6 12. Bxb5 axb5 13. Ndxb5 Qa5 14. Nxd6+ Kf8 15. e5 Nxe5 16. fxe5 Bg5+ 17. Kb1 Qa7 18. h4 Be3 19. Nxf7 Bb7 20. Ne4 Qxa2# 0-1

[Event "Titled Tuesday intern op 04th Feb Late"]
[Site "Chess.com INT"]
[Date "2025.02.04"]
[Round "9"]
[White "Mullodzhanov, Nathaniel"]
[Black "Barrionuevo, Pablo"]
[Result "1-0"]
[WhiteElo "1927"]
[BlackElo "2215"]
[PlyCount "91"]
[EventDate "2025.02.04"]
[EventType "swiss (blitz)"]
[EventRounds "11"]
[EventCountry "USA"]
[SourceTitle "CB07_2025"]
[SourceDate "2025.02.12"]
[SourceVersion "1"]
[SourceVersionDate "2025.02.12"]
[SourceQuality "1"]

1. e4 c5 2. Nf3 Nc6 3. d4 cxd4 4. Nxd4 e5 5. Nb5 d6 6. c4 Be7 7. N5c3 Nf6 8. Bd3 Nd4 9. 0-0 Be6 10. Be3 Rc8 11. Nd5 Bxd5 12. cxd5 a6 13. Nc3 0-0 14. Bxd4 exd4 15. Ne2 Nd7 16. Nxd4 Bf6 17. Nf5 Qb6 18. Rb1 g6 19. Nh6+ Kg7 20. Ng4 Bd4 21. h4 h5 22. Nh2 Ne5 23. Nf3 Bc5 24. b4 Nxf3+ 25. Qxf3 Bd4 26. g3 Rc3 27. Rfc1 Bxf2+ 28. Qxf2 Qxf2+ 29. Kxf2 Rxd3 30. Rc7 Rb8 31. Rb2 Re8 32. Re2 Rd4 33. Rxb7 Rdxe4 34. Rxe4 Rxe4 35. Rb6 Rd4 36. Rxd6 Rd2+ 37. Ke3 Rxa2 38. Rb6 Ra3+ 39. Kf4 Rd3 40. Ke5 Rxg3 41. Rxa6 Rg4 42. b5 Rxh4 43. d6 Rb4 44. b6 Rb1 45. d7 Rd1 46. b7 1-0

[Event "Titled Tuesday intern op 04th Feb Late"]
[Site "Chess.com INT"]
[Date "2025.02.04"]
[Round "5"]
[White "Mullodzhanov, Nathaniel"]
[Black "Jacobsen, Mikkel Manosri"]
[Result "0-1"]
[WhiteElo "1927"]
[BlackElo "2314"]
[PlyCount "128"]
[EventDate "2025.02.04"]
[EventType "swiss (blitz)"]
[EventRounds "11"]
[EventCountry "USA"]
[SourceTitle "CB07_2025"]
[SourceDate "2025.02.12"]
[SourceVersion "1"]
[SourceVersionDate "2025.02.12"]
[SourceQuality "1"]

1. e4 c5 2. Nf3 Nf6 3. e5 Nd5 4. Nc3 e6 5. Ne4 f5 6. Nc3 Ne7 7. Nb5 Ng6 8. h4 Nc6 9. Qe2 a6 10. Nd6+ Bxd6 11. exd6 b6 12. h5 Nf4 13. Qc4 Nd5 14. b3 Qf6 15. Rb1 Ne5 16. Qe2 Nxf3+ 17. Qxf3 Qe5+ 18. Be2 Qxd6 19. c4 Nc7 20. h6 g6 21. Bb2 Rg8 22. Bg7 Rb8 23. Qe3 Qe7 24. d4 Bb7 25. dxc5 bxc5 26. Qg3 d6 27. Rd1 Rd8 28. Kf1 e5 29. f4 exf4 30. Qc3 Qg5 31. Bf3 Bxf3 32. gxf3 Rd7 33. Re1+ Kf7 34. Re2 Ne6 35. Rg1 Qd8 36. Rxe6 Kxe6 37. Kf2 Qh4+ 38. Kg2 Re8 39. Qd3 Kf7 40. Qd5+ Re6 41. Rh1 Qd8 42. Re1 Rde7 43. Rd1 Qd7 44. Rd2 Kg8 45. Re2 Kf7 46. Kf1 Ke8 47. Rd2 Re1+ 48. Kf2 Qe6 49. Qc6+ Rd7 50. Qa8+ Rd8 51. Qc6+ Qd7 52. Qd5 Qe7 53. Qc6+ Kf7 54. Qd5+ Qe6 55. Qb7+ Qe7 56. Qd5+ Re6 57. Re2 Re8 58. Rd2 g5 59. Kf1 Kg6 60. Kf2 Re2+ 61. Rxe2 Qxe2+ 62. Kg1 Qe1+ 63. Kh2 Re2+ 64. Kh3 Qg3# 0-1

[Event "Titled Tuesday intern op 04th Feb Late"]
[Site "Chess.com INT"]
[Date "2025.02.04"]
[Round "8"]
[White "Mullodzhanov, Nathaniel"]
[Black "Zampronha, Wladimir Camilo"]
[Result "1-0"]
[WhiteElo "1927"]
[BlackElo "2157"]
[PlyCount "57"]
[EventDate "2025.02.04"]
[EventType "swiss (blitz)"]
[EventRounds "11"]
[EventCountry "USA"]
[SourceTitle "CB07_2025"]
[SourceDate "2025.02.12"]
[SourceVersion "1"]
[SourceVersionDate "2025.02.12"]
[SourceQuality "1"]

1. e4 c5 2. Nf3 e6 3. d4 cxd4 4. Nxd4 Nc6 5. Nc3 Qc7 6. Be3 a6 7. Qd2 Nf6 8. f3 Bb4 9. a3 Be7 10. g4 h6 11. a4 d5 12. exd5 Nxd5 13. Nxd5 exd5 14. 0-0-0 0-0 15. h4 Be6 16. g5 h5 17. g6 Rac8 18. gxf7+ Bxf7 19. c3 Bf6 20. Rg1 Ne5 21. Bg5 Qb6 22. a5 Bxg5 23. Qxg5 Qg6 24. Qxe5 Qxg1 25. Bd3 Qf2 26. Nf5 Qg2 27. Bf1 Rce8 28. Qxe8 Qxf3 29. Qe5 1-0

[Event "Titled Tuesday intern op 04th Feb Late"]
[Site "Chess.com INT"]
[Date "2025.02.04"]
[Round "7"]
[White "Tavernier, Loris"]
[Black "Mullodzhanov, Nathaniel"]
[Result "0-1"]
[WhiteElo "2082"]
[BlackElo "1927"]
[PlyCount "74"]
[EventDate "2025.02.04"]
[EventType "swiss (blitz)"]
[EventRounds "11"]
[EventCountry "USA"]
[SourceTitle "CB07_2025"]
[SourceDate "2025.02.12"]
[SourceVersion "1"]
[SourceVersionDate "2025.02.12"]
[SourceQuality "1"]

1. e4 c5 2. d4 cxd4 3. c3 dxc3 4. Nxc3 e6 5. Nf3 Nc6 6. Bc4 Nge7 7. Bg5 h6 8. Nb5 d5 9. Bf4 Qa5+ 10. Kf1 e5 11. Nxe5 Nxe5 12. Bxe5 Ng6 13. Bg3 Be7 14. Nc7+ Qxc7 15. Bxc7 dxc4 16. Qa4+ Bd7 17. Qc2 0-0 18. Rd1 Bb5 19. a4 Ba6 20. Kg1 Rac8 21. Bg3 Bf6 22. h4 c3 23. h5 cxb2 24. Qb1 Ne5 25. f4 Bd3 26. Qa2 Ng4 27. e5 Rc1 28. Qb3 Be7 29. Qxd3 Bc5+ 30. Kf1 Rxd1+ 31. Qxd1 Ne3+ 32. Ke2 Nxd1 33. Rxd1 Rc8 34. Rb1 Ba3 35. Be1 Rc1 36. Rxb2 Bxb2 37. Bd2 Rc2 0-1

[Event "Titled Tuesday intern op 26th Nov Late"]
[Site "Chess.com INT"]
[Date "2024.11.26"]
[Round "10"]
[White "Mullodzhanov, Nathaniel"]
[Black "Haug, Havard"]
[Result "0-1"]
[WhiteElo "1927"]
[BlackElo "2352"]
[PlyCount "74"]
[EventDate "2024.11.26"]
[EventType "swiss (blitz)"]
[EventRounds "11"]
[EventCountry "USA"]
[SourceTitle "CB49_2024"]
[SourceDate "2024.12.04"]
[SourceVersion "1"]
[SourceVersionDate "2024.12.04"]
[SourceQuality "1"]

1. e4 c6 2. Nf3 d5 3. Nc3 g6 4. d4 Bg7 5. e5 Bg4 6. Be2 e6 7. h3 Bxf3 8. Bxf3 Ne7 9. Ne2 0-0 10. 0-0 c5 11. c3 Nbc6 12. Bg5 Qb6 13. Qd2 cxd4 14. cxd4 Nf5 15. Rfd1 Rac8 16. Rac1 Ncxd4 17. Nxd4 Rxc1 18. Rxc1 Nxd4 19. Qf4 Nxf3+ 20. Qxf3 Qxb2 21. Re1 Bxe5 22. Bc1 Qc3 23. Qe2 Bg7 24. Bd2 Qc4 25. Qf3 Qxa2 26. Bc3 Qa3 27. Bxg7 Qxf3 28. gxf3 Kxg7 29. f4 b5 30. Ra1 Ra8 31. Ra6 b4 32. Ra4 a5 33. Kg2 b3 34. Ra1 b2 35. Rb1 Rb8 36. f5 gxf5 37. f4 a4 0-1

[Event "Titled Tuesday intern op 26th Nov Late"]
[Site "Chess.com INT"]
[Date "2024.11.26"]
[Round "3"]
[White "Mullodzhanov, Nathaniel"]
[Black "Playa, Marcelo"]
[Result "1-0"]
[WhiteElo "1927"]
[BlackElo "2376"]
[PlyCount "47"]
[EventDate "2024.11.26"]
[EventType "swiss (blitz)"]
[EventRounds "11"]
[EventCountry "USA"]
[SourceTitle "CB49_2024"]
[SourceDate "2024.12.04"]
[SourceVersion "1"]
[SourceVersionDate "2024.12.04"]
[SourceQuality "1"]

1. e4 e6 2. d4 d5 3. Nd2 c5 4. Ngf3 Nc6 5. exd5 exd5 6. Bb5 Bd6 7. dxc5 Bxc5 8. 0-0 Nge7 9. Nb3 Bb6 10. Re1 0-0 11. c3 Bg4 12. Be3 Bc7 13. Bc5 Re8 14. h3 Bh5 15. Nbd4 Nxd4 16. Bxe8 Nxf3+ 17. gxf3 Nf5 18. Qd3 Qg5+ 19. Kf1 Qf4 20. Qxd5 Nh4 21. Qxh5 Nxf3 22. Qxf7+ Qxf7 23. Bxf7+ Kxf7 24. Re7+ 1-0

[Event "Titled Tuesday intern op 24th Sep Late"]
[Site "Chess.com INT"]
[Date "2024.09.24"]
[Round "5"]
[White "Barria Zuniga, Daniel"]
[Black "Mullodzhanov, Nathaniel"]
[Result "1-0"]
[WhiteElo "2341"]
[BlackElo "1927"]
[PlyCount "107"]
[EventDate "2024.09.24"]
[EventType "swiss (blitz)"]
[EventRounds "11"]
[EventCountry "USA"]
[SourceTitle "EXT 2025"]
[Source "ChessBase"]
[SourceDate "2024.10.14"]
[SourceVersion "1"]
[SourceVersionDate "2024.10.14"]
[SourceQuality "1"]

1. d4 Nf6 2. c4 g6 3. Nc3 Bg7 4. e4 d6 5. Be2 0-0 6. Nf3 e5 7. d5 Na6 8. Be3 Nc5 9. Nd2 a5 10. b3 c6 11. 0-0 cxd5 12. cxd5 Ne8 13. a3 f5 14. f3 Nf6 15. b4 Ncd7 16. Nc4 axb4 17. axb4 Rxa1 18. Qxa1 Qe7 19. Qa5 fxe4 20. fxe4 Ne8 21. Qa8 Nc7 22. Qa5 Na6 23. Nb5 Rxf1+ 24. Bxf1 b6 25. Nxb6 Nxb6 26. Qxb6 Bf8 27. Na7 Qb7 28. Nxc8 Qxc8 29. Qxa6 Qc3 30. Qb6 Kg7 31. Bf2 Be7 32. b5 Kf6 33. Qe3 Qb2 34. b6 g5 35. Qf3+ Kg6 36. Qf5+ Kg7 37. Qd7 Kf7 38. b7 h5 39. Qc8 g4 40. b8Q Qxb8 41. Qxb8 h4 42. Qc8 g3 43. Qe6+ Kg7 44. hxg3 hxg3 45. Bxg3 Bg5 46. Kh1 Kh7 47. Be1 Bf4 48. Bb4 Kg7 49. Bxd6 Bg5 50. Bxe5+ Kh7 51. Qf5+ Kh6 52. Bg7+ Kh5 53. Be2+ Kh4 54. Qg4# 1-0

[Event "Titled Tuesday intern op 24th Sep Late"]
[Site "Chess.com INT"]
[Date "2024.09.24"]
[Round "4"]
[White "Mullodzhanov, Nathaniel"]
[Black "Montano Vicente, Guadalupe"]
[Result "1-0"]
[WhiteElo "1927"]
[BlackElo "1973"]
[PlyCount "75"]
[EventDate "2024.09.24"]
[EventType "swiss (blitz)"]
[EventRounds "11"]
[EventCountry "USA"]
[SourceTitle "EXT 2025"]
[Source "ChessBase"]
[SourceDate "2024.10.14"]
[SourceVersion "1"]
[SourceVersionDate "2024.10.14"]
[SourceQuality "1"]

1. e4 c5 2. Nf3 d6 3. d4 cxd4 4. Nxd4 Nf6 5. Nc3 a6 6. Be3 e5 7. Nb3 Be7 8. f3 h5 9. Bc4 Qc7 10. Qe2 Nbd7 11. 0-0-0 b5 12. Bd5 Bb7 13. Bxb7 Qxb7 14. Nd5 Nxd5 15. Rxd5 Nb6 16. Na5 Qc7 17. Bxb6 Qxb6 18. Qd2 Rc8 19. Kb1 0-0 20. Rd1 Rc7 21. g3 Rfc8 22. Rc1 Rc5 23. Nb3 Rxd5 24. Qxd5 a5 25. f4 a4 26. Nd2 a3 27. b3 Qe3 28. Qd3 Qxd3 29. cxd3 Rxc1+ 30. Kxc1 exf4 31. gxf4 Bf6 32. Nf3 Bc3 33. Kc2 b4 34. d4 Kf8 35. Kd3 Ke7 36. Kc4 Kd7 37. e5 dxe5 38. fxe5 1-0

[Event "Titled Tuesday intern op 24th Sep Late"]
[Site "Chess.com INT"]
[Date "2024.09.24"]
[Round "3"]
[White "Mullodzhanov, Nathaniel"]
[Black "Sivakumar, Shaaketh"]
[Result "0-1"]
[WhiteElo "1927"]
[BlackElo "2296"]
[PlyCount "124"]
[EventDate "2024.09.24"]
[EventType "swiss (blitz)"]
[EventRounds "11"]
[EventCountry "USA"]
[SourceTitle "EXT 2025"]
[Source "ChessBase"]
[SourceDate "2024.10.14"]
[SourceVersion "1"]
[SourceVersionDate "2024.10.14"]
[SourceQuality "1"]

1. e4 e6 2. d4 d5 3. Nd2 c5 4. Ngf3 Nc6 5. exd5 exd5 6. Bb5 Qe7+ 7. Qe2 Qxe2+ 8. Kxe2 a6 9. Bxc6+ bxc6 10. dxc5 Bxc5 11. Nb3 Bd6 12. Be3 Ne7 13. Bc5 Kd7 14. Rad1 Re8 15. Rhe1 a5 16. Bxd6 Kxd6 17. Kf1 Ba6+ 18. Kg1 Ng6 19. Rxe8 Rxe8 20. Nxa5 Nf4 21. c4 Re2 22. cxd5 cxd5 23. Nb3 Rxb2 24. Nbd4 g6 25. a4 Ra2 26. Nb5+ Bxb5 27. axb5 Ne2+ 28. Kf1 Nc3 29. Rc1 Nxb5 30. Ng5 d4 31. Nxh7 d3 32. Rd1 d2 33. Nf6 Nc3 34. f3 Nxd1 35. Ne4+ Ke5 36. Ke2 Nc3+ 37. Nxc3 d1Q+ 38. Kxd1 Rxg2 39. Ne4 Rxh2 40. Ke1 Kf4 41. Kf1 Kxf3 42. Ng5+ Kg3 43. Kg1 Rg2+ 44. Kh1 Rf2 45. Ne4+ Kf3 46. Ng5+ Ke3 47. Nh3 f6 48. Kg1 Rf5 49. Kg2 g5 50. Kg3 Rf3+ 51. Kg4 Rxh3 52. Kxh3 Kf3 53. Kh2 Kf2 54. Kh3 f5 55. Kh2 g4 56. Kh1 f4 57. Kh2 f3 58. Kh1 Kg3 59. Kg1 f2+ 60. Kf1 Kh2 61. Kxf2 g3+ 62. Kf3 g2 0-1

[Event "Titled Tuesday intern op 17th Sep Late"]
[Site "Chess,com INT"]
[Date "2024.09.17"]
[Round "5"]
[White "Mullodzhanov, Nathaniel"]
[Black "Bilan, Danila"]
[Result "0-1"]
[WhiteElo "1927"]
[BlackElo "2303"]
[PlyCount "70"]
[EventDate "2024.09.17"]
[EventType "swiss (blitz)"]
[EventRounds "11"]
[EventCountry "USA"]
[SourceTitle "EXT 2025"]
[Source "ChessBase"]
[SourceDate "2024.10.14"]
[SourceVersion "1"]
[SourceVersionDate "2024.10.14"]
[SourceQuality "1"]

1. e4 c6 2. Nf3 d5 3. Nc3 Nf6 4. e5 Ne4 5. d4 Nxc3 6. bxc3 Bg4 7. Bd3 e6 8. 0-0 Be7 9. Rb1 b5 10. h3 Bh5 11. a4 a6 12. Ra1 Nd7 13. Ba3 0-0 14. Bxe7 Qxe7 15. Be2 Nb6 16. a5 Na4 17. Qd2 c5 18. g4 Bg6 19. c4 dxc4 20. Bxc4 Rfd8 21. c3 Nxc3 22. Qxc3 bxc4 23. Qxc4 Be4 24. Nd2 Rxd4 25. Qe2 Bd3 26. Qf3 Rad8 27. Rfc1 R4d5 28. Nc4 h5 29. Nd6 Rxe5 30. Qxd3 Rxd6 31. Qc2 hxg4 32. hxg4 Qh4 33. Qc4 Rd4 34. Qxa6 Rxg4+ 35. Kf1 Qh1# 0-1

[Event "Titled Tuesday intern op 17th Sep Late"]
[Site "Chess,com INT"]
[Date "2024.09.17"]
[Round "2"]
[White "Portero Rubio, Martin"]
[Black "Mullodzhanov, Nathaniel"]
[Result "1/2-1/2"]
[WhiteElo "2043"]
[BlackElo "1927"]
[PlyCount "107"]
[EventDate "2024.09.17"]
[EventType "swiss (blitz)"]
[EventRounds "11"]
[EventCountry "USA"]
[SourceTitle "EXT 2025"]
[Source "ChessBase"]
[SourceDate "2024.10.14"]
[SourceVersion "1"]
[SourceVersionDate "2024.10.14"]
[SourceQuality "1"]

1. e4 c5 2. Nf3 d6 3. d4 cxd4 4. Nxd4 Nf6 5. Nc3 a6 6. Bg5 e6 7. f4 Be7 8. Qf3 Qc7 9. 0-0-0 b5 10. e5 Bb7 11. Qg3 dxe5 12. fxe5 Nh5 13. Qh4 g6 14. Ndxb5 axb5 15. Nxb5 Bxg5+ 16. Qxg5 Qe7 17. Nd6+ Kf8 18. Qh6+ Ng7 19. Nxb7 Nc6 20. Bc4 Qxb7 21. Rhf1 Qe7 22. Rd6 Kg8 23. Rxc6 Nf5 24. Qf4 Qb7 25. Rc5 Qxg2 26. Rd1 Kg7 27. Rc7 Rhc8 28. Rxc8 Rxc8 29. Bb3 h5 30. Kb1 Rc5 31. a4 Qe2 32. Rf1 Rxe5 33. Rf2 Qe1+ 34. Ka2 Re4 35. Qf3 Re3 36. Qf4 e5 37. Qc4 Rxb3 38. Rxf5 Rxb2+ 39. Kxb2 gxf5 40. Qd5 f4 41. Qg2+ Kf6 42. Qc6+ Kf5 43. Qd7+ Ke4 44. Qxf7 Qb4+ 45. Kc1 Qxa4 46. Qxh5 Qa1+ 47. Kd2 Qd4+ 48. Kc1 Qe3+ 49. Kb2 f3 50. Qg6+ Kd4 51. Qd6+ Ke4 52. Qg6+ Kf4 53. Qh6+ Ke4 54. Qg6+ 1/2-1/2

[Event "Titled Tuesday intern op 17th Sep Late"]
[Site "Chess,com INT"]
[Date "2024.09.17"]
[Round "9"]
[White "Rupesh, Reddy Y"]
[Black "Mullodzhanov, Nathaniel"]
[Result "0-1"]
[WhiteElo "2227"]
[BlackElo "1927"]
[PlyCount "76"]
[EventDate "2024.09.17"]
[EventType "swiss (blitz)"]
[EventRounds "11"]
[EventCountry "USA"]
[SourceTitle "EXT 2025"]
[Source "ChessBase"]
[SourceDate "2024.10.14"]
[SourceVersion "1"]
[SourceVersionDate "2024.10.14"]
[SourceQuality "1"]

1. d4 Nf6 2. c4 g6 3. Nc3 Bg7 4. e4 d6 5. Nf3 0-0 6. Be2 e5 7. h3 Nc6 8. d5 Ne7 9. Be3 Nd7 10. 0-0 f5 11. Ng5 Nf6 12. exf5 gxf5 13. f4 Ng6 14. fxe5 dxe5 15. Ne6 Bxe6 16. dxe6 f4 17. Bc5 Re8 18. Bf3 Rxe6 19. Bxb7 Qxd1 20. Raxd1 Rb8 21. Bd5 Nxd5 22. cxd5 Ree8 23. b3 e4 24. Bd4 e3 25. Bxg7 Kxg7 26. Ne2 Rb4 27. Rd4 Rxd4 28. Nxd4 Re4 29. Ne6+ Kf6 30. Nxc7 e2 31. Re1 Ne5 32. d6 Nd3 33. Nd5+ Ke6 34. Nc3 Nxe1 35. Nxe4 Nf3+ 36. gxf3 e1Q+ 37. Kg2 Qe2+ 38. Nf2 Kxd6 0-1

[Event "Titled Tuesday intern op 03rd Sep Early"]
[Site "Chess.com INT"]
[Date "2024.09.03"]
[Round "1"]
[White "Mullodzhanov, Nathaniel"]
[Black "Chigaev, Maksim"]
[Result "0-1"]
[WhiteElo "1927"]
[BlackElo "2624"]
[PlyCount "86"]
[EventDate "2024.09.03"]
[EventType "swiss (blitz)"]
[EventRounds "11"]
[EventCountry "USA"]
[SourceTitle "EXT 2025"]
[Source "ChessBase"]
[SourceDate "2024.10.14"]
[SourceVersion "1"]
[SourceVersionDate "2024.10.14"]
[SourceQuality "1"]

1. e4 c5 2. c3 d5 3. exd5 Nf6 4. Qa4+ Nbd7 5. Qb3 g6 6. Nf3 Bg7 7. Be2 0-0 8. 0-0 Nb6 9. c4 e6 10. dxe6 Bxe6 11. Nc3 Re8 12. d3 h6 13. Qc2 a6 14. b3 Qc7 15. Bb2 Rad8 16. Rad1 Bf5 17. h3 Nc8 18. Nh4 Be6 19. Ne4 Nxe4 20. dxe4 Bxb2 21. Qxb2 Qf4 22. g3 Qc7 23. Kh2 Nd6 24. Bf3 b5 25. cxb5 Nxb5 26. Qf6 Nd4 27. Bg2 Rd6 28. Nxg6 fxg6 29. Qxg6+ Kf8 30. Qxh6+ Qg7 31. Qf4+ Ke7 32. e5 Rd7 33. Qe3 Rh8 34. h4 Qg4 35. f3 Qg6 36. Rd2 Rg8 37. f4 Rc7 38. Qf2 Nf5 39. Rd3 Nxh4 40. gxh4 Qxd3 41. f5 Bxf5 42. Kh1 Ke6 43. h5 Rcg7 0-1

[Event "Titled Tuesday intern op 03rd Sep Early"]
[Site "Chess.com INT"]
[Date "2024.09.03"]
[Round "11"]
[White "Mullodzhanov, Nathaniel"]
[Black "Nimay, Agrawal"]
[Result "1-0"]
[WhiteElo "1927"]
[BlackElo "1960"]
[PlyCount "63"]
[EventDate "2024.09.03"]
[EventType "swiss (blitz)"]
[EventRounds "11"]
[EventCountry "USA"]
[SourceTitle "EXT 2025"]
[Source "ChessBase"]
[SourceDate "2024.10.14"]
[SourceVersion "1"]
[SourceVersionDate "2024.10.14"]
[SourceQuality "1"]

1. e4 c5 2. c3 d5 3. exd5 Qxd5 4. d4 Nf6 5. Nf3 cxd4 6. Qxd4 e6 7. Bc4 Qxd4 8. Nxd4 a6 9. a4 Nc6 10. Nxc6 bxc6 11. Bf4 Nd5 12. Bg3 Be7 13. 0-0 0-0 14. Nd2 a5 15. Nb3 Nb6 16. Be2 c5 17. Bc7 Nd5 18. Bxa5 Ba6 19. c4 Rfb8 20. Ra3 Nf4 21. Bf3 Bxc4 22. Bxa8 Bxf1 23. Kxf1 Rxa8 24. Bd2 Nd3 25. Na5 Nxb2 26. Nc6 Bf6 27. a5 c4 28. a6 c3 29. Bxc3 Bxc3 30. a7 Bf6 31. Rb3 Rc8 32. Rb8 1-0

[Event "Titled Tuesday intern op 27th Aug Early"]
[Site "Chess.com INT"]
[Date "2024.08.27"]
[Round "8"]
[White "Mullodzhanov, Nathaniel"]
[Black "Arabidze, Meri"]
[Result "0-1"]
[WhiteElo "1927"]
[BlackElo "2457"]
[PlyCount "84"]
[EventDate "2024.08.27"]
[EventType "swiss (blitz)"]
[EventRounds "11"]
[EventCountry "USA"]
[SourceTitle "EXT 2025"]
[Source "ChessBase"]
[SourceDate "2024.10.14"]
[SourceVersion "1"]
[SourceVersionDate "2024.10.14"]
[SourceQuality "1"]

1. e4 c5 2. c3 d5 3. exd5 Nf6 4. Qa4+ Nbd7 5. Qb3 Nb6 6. Bb5+ Bd7 7. c4 e6 8. dxe6 fxe6 9. Nf3 Bd6 10. a4 0-0 11. a5 Nc8 12. a6 bxa6 13. Bxd7 Qxd7 14. Rxa6 e5 15. d3 e4 16. dxe4 Nxe4 17. 0-0 Nb6 18. Nbd2 Rae8 19. Nxe4 Rxe4 20. Qd3 Bxh2+ 21. Nxh2 Qxd3 22. Rxa7 Rxc4 23. Be3 Nd5 24. Bg5 h6 25. Bc1 Nf4 26. Bxf4 Rcxf4 27. g3 R4f7 28. Ra5 c4 29. Ra3 Qd4 30. Rc3 Rxf2 31. Rxf2 Qxf2+ 32. Kh1 Qxb2 33. Rxc4 Ra8 34. Nf1 Ra1 35. Rf4 g5 36. Rf5 Qc2 37. g4 Qe4+ 38. Rf3 Qxf3+ 39. Kh2 Qf2+ 40. Kh3 Qxf1+ 41. Kh2 Ra2+ 42. Kg3 Qg2# 0-1

[Event "Titled Tuesday intern op 16th Jul Late"]
[Site "Chess.com INT"]
[Date "2024.07.16"]
[Round "5"]
[White "Lerch, Philipp"]
[Black "Mullodzhanov, Nathaniel"]
[Result "0-1"]
[WhiteElo "2305"]
[BlackElo "1927"]
[PlyCount "106"]
[EventDate "2024.07.16"]
[EventType "swiss (blitz)"]
[EventRounds "11"]
[EventCountry "USA"]
[SourceTitle "EXT 2025"]
[Source "ChessBase"]
[SourceDate "2024.10.14"]
[SourceVersion "1"]
[SourceVersionDate "2024.10.14"]
[SourceQuality "1"]

1. e4 c5 2. Nf3 d6 3. c3 Nf6 4. h3 Nc6 5. Bd3 g6 6. Bc2 Bg7 7. d3 0-0 8. 0-0 b6 9. Be3 Bb7 10. Nbd2 d5 11. Qe2 Rc8 12. e5 Nd7 13. Bf4 e6 14. Rfe1 Ba6 15. Qe3 d4 16. Qe2 h6 17. c4 Nb4 18. Ne4 Qe7 19. Nd6 Rcd8 20. Ba4 Nb8 21. a3 N4c6 22. Qd2 Kh7 23. b4 Nxe5 24. Nxe5 Bxe5 25. Rxe5 Rxd6 26. Bxh6 Rh8 27. Re2 e5 28. Rae1 f6 29. Qc1 g5 30. Bxg5 fxg5 31. Rxe5 Qf6 32. Re7+ Kg6 33. Be8+ Kh6 34. h4 Bc8 35. hxg5+ Qxg5 36. f4 Qf6 37. R1e5 Bf5 38. Qe1 Rg8 39. Qf2 Nc6 40. Re1 Nxe7 41. g3 Rg4 42. Qh2+ Kg7 43. Bh5 Ng6 44. Bxg4 Bxg4 45. Qg2 Qf5 46. Qb7+ Rd7 47. Qg2 Qxd3 48. f5 Qxf5 49. Rf1 Qg5 50. Qf2 Qe3 51. Qxe3 dxe3 52. Re1 e2 53. Kf2 Rd1 0-1

[Event "Titled Tuesday intern op 16th Jul Late"]
[Site "Chess.com INT"]
[Date "2024.07.16"]
[Round "7"]
[White "Mullodzhanov, Nathaniel"]
[Black "Kushko, Dmitriy"]
[Result "0-1"]
[WhiteElo "1927"]
[BlackElo "2444"]
[PlyCount "142"]
[EventDate "2024.07.16"]
[EventType "swiss (blitz)"]
[EventRounds "11"]
[EventCountry "USA"]
[SourceTitle "EXT 2025"]
[Source "ChessBase"]
[SourceDate "2024.10.14"]
[SourceVersion "1"]
[SourceVersionDate "2024.10.14"]
[SourceQuality "1"]

1. e4 c5 2. c3 e6 3. Nf3 d5 4. exd5 exd5 5. d4 Nc6 6. Bb5 Bd6 7. 0-0 Nge7 8. dxc5 Bxc5 9. Nbd2 0-0 10. Nb3 Bd6 11. Bd3 Ng6 12. Re1 Bc7 13. Be3 Qd6 14. Bc5 Qf6 15. Bxf8 Nxf8 16. h3 Qd6 17. Qd2 Ne6 18. g3 Bd7 19. h4 h6 20. Rad1 Qe7 21. Nbd4 Qf6 22. Kg2 a6 23. Bc2 Nexd4 24. Nxd4 Ne5 25. Rf1 Nc4 26. Qe2 b5 27. b3 Ne5 28. Rde1 Rc8 29. f4 Nc6 30. Rd1 Bb6 31. Nxc6 Bxc6 32. Kh2 Qxc3 33. Bf5 Re8 34. Qd2 Qf6 35. Bh3 Be3 36. Qc2 d4 37. Bg2 Bd7 38. Qe2 Qg6 39. Qf3 Bg4 40. Qc6 Qxc6 41. Bxc6 Bxd1 42. Bxe8 Be2 43. Re1 d3 44. Bd7 d2 45. Rxe2 d1Q 46. Bg4 Qd4 47. Bf3 g6 48. Kg2 h5 49. f5 Kg7 50. fxg6 fxg6 51. Rc2 Kh6 52. Re2 Qd3 53. Re1 a5 54. Re2 a4 55. bxa4 bxa4 56. Re1 a3 57. Re2 Bc5 58. Re1 Qd4 59. Re2 Qg1+ 60. Kh3 Qf1+ 61. Kh2 Qxf3 62. Rc2 Bd6 63. Rg2 g5 64. hxg5+ Kxg5 65. Kh3 Qg4+ 66. Kh2 h4 67. Kh1 Bxg3 68. Rxg3 hxg3 69. Kg2 Kf4 70. Kg1 Qe2 71. Kh1 Qh2# 0-1